CYBER LAW IN KENYA (Record no. 216786)

MARC details
000 -LEADER
fixed length control field 00533nam a22001937a 4500
008 - FIXED-LENGTH DATA ELEMENTS--GENERAL INFORMATION
fixed length control field 260305b |||||||| |||| 00| 0 eng d
020 ## - INTERNATIONAL STANDARD BOOK NUMBER
International Standard Book Number 978-9-4035- 1241-9
050 ## - LIBRARY OF CONGRESS CALL NUMBER
Classification number KSK 80 .C65 R88 2019
100 ## - MAIN ENTRY--PERSONAL NAME
Personal name RUTENBERG ISAAC
245 ## - TITLE STATEMENT
Title CYBER LAW IN KENYA
250 ## - EDITION STATEMENT
Edition statement 2ND EDITION
260 ## - PUBLICATION, DISTRIBUTION, ETC.
Place of publication, distribution, etc. NETHERLANDS
Name of publisher, distributor, etc. KLUWER LAW INTERNATIONAL
Date of publication, distribution, etc. 2019
300 ## - PHYSICAL DESCRIPTION
Extent 369,ILL
500 ## - GENERAL NOTE
General note INCLUDES BIBLOGRAPHIC REFERENCESINDEX
650 ## - SUBJECT ADDED ENTRY
Topical term or geographic name entry element DATA PROTECTION
700 ## - ADDED ENTRY--PERSONAL NAME
Personal name KLUWER WOLTERS
942 ## - ADDED ENTRY ELEMENTS (KOHA)
Source of classification or shelving scheme Library of Congress Classification
Koha item type Long Loan Book
Holdings
Withdrawn status Lost status Source of classification or shelving scheme Damaged status Not for loan Collection Home library Current library Shelving location Date acquired Inventory number Total checkouts Full call number Date last seen Copy number Price effective from Koha item type
    Library of Congress Classification     Law Kisii University Library Kisii University Library On Display 03/05/2026 112136   KSK 80 .C65 R88 2019 03/05/2026 1 03/05/2026 Long Loan Book
    Library of Congress Classification     Law Kisii University Library Kisii University Library On Display 03/05/2026 112137   KSK 80 .C65 R88 2019 03/05/2026 2 03/05/2026 Long Loan Book
    Library of Congress Classification     Law Kisii University Library Kisii University Library On Display 03/05/2026 112138   KSK 80 .C65 R88 2019 03/05/2026 3 03/05/2026 Long Loan Book